| 000 | 00801nam a22002297a 4500 | ||
|---|---|---|---|
| 005 | 20080703150816.0 | ||
| 008 | 080703t xxu||||| |||| 00| 0 eng d | ||
| 010 | _aENG-90444 | ||
| 020 |
_a8180940144 _c460.00 |
||
| 035 | _aEN-73977 | ||
| 037 | _bDBAD / PUB | ||
| 040 |
_aDPL _bEN |
||
| 082 | _a660.62 | ||
| 100 | _aMoshrafuddin Ahmed | ||
| 245 |
_aApplied microbiology / _cby Moshrafuddin Ahmed [and] S. K. Basumatary |
||
| 260 |
_aChennai _bMJP Publishers _c2006 |
||
| 300 |
_axviii, 664p. _c23 cm. (Pbk) |
||
| 500 | _aIncludes index | ||
| 700 | _abasumatary, S. K. | ||
| 942 |
_2ddc _cEN _h660.62 _mMOS |
||
| 999 |
_c14204 _d14204 |
||